000 nam a22 7a 4500
999 _c235068
_d235068
003 Nust
005 20170405164159.0
008 170405b xxu||||| |||| 00| 0 eng d
040 _cDLC
082 _a902.02 NAT
245 _aNational Geographic Visual History of the World /
260 _aWashington :
_b National Geographic,
300 _a656p. :
942 _2ddc
_cBK